Markets (Record no. 82754)
[ view plain ]
| 000 -LEADER | |
|---|---|
| fixed length control field | 01149cab a22002295a 4500 |
| 001 - CONTROL NUMBER | |
| control field | L151303 |
| 008 - FIXED-LENGTH DATA ELEMENTS--GENERAL INFORMATION | |
| fixed length control field | 101019e20101001xxk 000 0 eng d |
| 035 ## - SYSTEM CONTROL NUMBER | |
| System control number | (Sirsi) u151303 |
| 041 0# - LANGUAGE CODE | |
| Language code of text/sound track or separate title | eng |
| 100 1# - MAIN ENTRY--PERSONAL NAME | |
| Personal name | Sandher, Hardeep |
| 245 00 - TITLE STATEMENT | |
| Title | Markets |
| Remainder of title | Yorkshire and Lincolnshire |
| 260 ## - PUBLICATION, DISTRIBUTION, ETC. | |
| Date of publication, distribution, etc. | 2010 |
| 490 #0 - SERIES STATEMENT | |
| Series statement | Property Week |
| Volume/sequential designation | 76(39) 1 October 2010, 61-68(5) |
| 520 ## - SUMMARY, ETC. | |
| Summary, etc. | Leeds centre mixed-use property West Riding House is being brought to market by LPA receiver GVA Grimley with a £50m price tag. Central Leeds office deals have held up well, totalling more than £125m but retail prime rents remain in the grips of decreasing zone A rental levels DTZ's report on the Yorkshire and Humber industrial property market notes that big sheds are again in vogue but incentives mask the true market position. Three shopping centres in Leeds (Eastgate and White Rose) and Wakefield (Trinity Walk) are being expanded or developed. |
| 590 ## - LOCAL NOTE (RLIN) | |
| Local note | KA |
| 651 #4 - SUBJECT ADDED ENTRY--GEOGRAPHIC NAME | |
| Geographic name | Yorkshire |
| Chronological subdivision | 1888- |
| 651 #4 - SUBJECT ADDED ENTRY--GEOGRAPHIC NAME | |
| Geographic name | Lincolnshire |
| 690 ## - LOCAL SUBJECT ADDED ENTRY--TOPICAL TERM (OCLC, RLIN) | |
| Topical term or geographic name as entry element | PROPERTY-COMMERCIAL PROPERTY-COMMERCIAL PROPERTY MARKET |
| 700 1# - ADDED ENTRY--PERSONAL NAME | |
| Personal name | Stephenson, Jon |
| 700 1# - ADDED ENTRY--PERSONAL NAME | |
| Personal name | Day, Tom |
| 942 ## - ADDED ENTRY ELEMENTS (KOHA) | |
| Suppress in OPAC | 0 |
| Withdrawn status | Lost status | Source of classification or shelving scheme | Damaged status | Not for loan | Home library | Current library | Shelving location | Date acquired | Total Checkouts | Full call number | Barcode | Date last seen | Copy number | Price effective from | Koha item type |
|---|---|---|---|---|---|---|---|---|---|---|---|---|---|---|---|
| Dewey Decimal Classification | London | London | Journal article | 19/10/2010 | L151303 | 151303-1001 | 06/08/2019 | 1 | 06/08/2019 | Journal article |